000 01194 a2200217 4500
005 20080922104317.0
008 080922t xxu||||| |||| 00| 0 hin d
010 _aHIN-81286
020 _a8180310949
_c500.00
035 _aHN-53632
037 _bD.B.Act / pub
082 _a820.8
100 _aवर्मा, रामकुमार
245 _aहिन्दी साहित्य का आलोचनात्म इतिहास(संवत 750-1750)
_cरामकुमार वर्मा
246 _aHindi Shahitya ka Aalochnatmak Itihash
_bby Ramkumar Vrama
260 _aइलाहाबाद
_bलोकभारती प्रकाशन
_c2007
270 _aदरबारी बिल्डिंग, महात्मा गांधी मार्ग
_bइलाहाबाद
_e1
300 _a688पृ
_c22 सेमी (सजिल्द)
942 _adpl
_cHN
_k820.8 / वर्मारा
_2ddc
_h820.8
_m वर्मारा
999 _c8076
_d8076